000 00559pam a2200181 a 4500
020 _a0070218889
082 0 0 _a624.15132
_bFRA
_cL-15, P-69
100 1 _aFranklin, John A.
_942507
245 1 0 _aRock engineering /
_cJohn A. Franklin, Maurice B. Dusseault.
260 _aNew York :
_bMcGraw-Hill,
_cc1989.
300 _ax, 600 p. :
_bill. ;
_c24 cm.
526 _a0
_b0
_c0
_d624_151320000000000_FRA
650 0 _aMCE
_9379
650 0 _aRock excavation.
_942508
650 0 _aRock mechanics.
_923489
700 1 _aDusseault, Maurice B.
_942509
942 _2ddc
_cBK
999 _c546384
_d546384